Homo mimeticus: a new theory of imitation
Genealogy of one of the most ancient and influential concepts in western thought: Mimesis Imitation is, perhaps more than ever, constitutive of human originality. Many things have changed since the emergence of an original species called Homo sapiens, but in the digital age humans remain mimetic c...
| 1. VerfasserIn: | |
|---|---|
| Medienart: | Elektronisch Buch |
| Sprache: | Englisch |
| Verfügbarkeit prüfen: | HBZ Gateway |
| WorldCat: | WorldCat |
| Fernleihe: | Fernleihe für die Fachinformationsdienste |
| Veröffentlicht: |
Leuven
Leuven University Press
2022
|
| In: | Jahr: 2022 |
| normierte Schlagwort(-folgen): | B
Mimesis
/ Girard, René 1923-2015
/ Homo erectus
/ Mimesis
/ Nachahmung
/ Philosophie
/ Philosophische Anthropologie
/ Gewalt
/ Kommunikation
/ Religion
/ Subjektivität
/ Ästhetik
|
| weitere Schlagwörter: | B
Topics in philosophy
B Media Studies B Philosophy and Religion B Cultural and media studies B Society and culture: general B Philosophy: aesthetics B Social and political philosophy B Society and Social Sciences B Philosophy |
| Online-Zugang: |
Volltext (kostenfrei) Volltext (kostenfrei) Volltext (kostenfrei) |
| Rechteinformation: | CC BY-NC-ND 4.0 |
| Parallele Ausgabe: | Nicht-Elektronisch
|
MARC
| LEADER | 00000cam a22000002c 4500 | ||
|---|---|---|---|
| 001 | 1904966691 | ||
| 003 | DE-627 | ||
| 005 | 20260301155507.0 | ||
| 007 | cr uuu---uuuuu | ||
| 008 | 241007s2022 xx |||||o 00| ||eng c | ||
| 020 | |a 9789461664778 | ||
| 020 | |a 9789461664785 | ||
| 020 | |a 9789462703469 | ||
| 035 | |a (DE-627)1904966691 | ||
| 035 | |a (DE-599)KEP108436691 | ||
| 035 | |a (OCoLC)1352248696 | ||
| 035 | |a (OAPEN)59184 | ||
| 035 | |a (DE-627-1)108436691 | ||
| 040 | |a DE-627 |b ger |c DE-627 |e rda | ||
| 041 | |a eng | ||
| 072 | 7 | |a QD |2 bicssc | |
| 072 | 7 | |a QDTN |2 bicssc | |
| 072 | 7 | |a QDTS |2 bicssc | |
| 072 | 7 | |a JBCT |2 bicssc | |
| 072 | 7 | |a J |2 thema | |
| 072 | 7 | |a JB |2 thema | |
| 072 | 7 | |a JBC |2 thema | |
| 072 | 7 | |a JBCT |2 thema | |
| 072 | 7 | |a Q |2 thema | |
| 072 | 7 | |a QD |2 thema | |
| 072 | 7 | |a QDT |2 thema | |
| 072 | 7 | |a QDTN |2 thema | |
| 072 | 7 | |a QDTS |2 thema | |
| 082 | 0 | |a 302 |q SEPA |2 23 | |
| 100 | 1 | |e VerfasserIn |0 (DE-588)1197710450 |0 (DE-627)1679442953 |4 aut |a Lawtoo, Nidesh |d 1976- | |
| 109 | |a Lawtoo, Nidesh 1976- |a Lawtoo-Succetti, Nidesh 1976- | ||
| 245 | 1 | 0 | |a Homo mimeticus |b a new theory of imitation |c by Nidesh Lawtoo |
| 264 | 1 | |a Leuven |b Leuven University Press |c 2022 | |
| 300 | |a 1 Online-Ressource (358 p.) | ||
| 336 | |a Text |b txt |2 rdacontent | ||
| 337 | |a Computermedien |b c |2 rdamedia | ||
| 338 | |a Online-Ressource |b cr |2 rdacarrier | ||
| 506 | 0 | |a Open Access |f Unrestricted online access |2 star | |
| 520 | |a Genealogy of one of the most ancient and influential concepts in western thought: Mimesis Imitation is, perhaps more than ever, constitutive of human originality. Many things have changed since the emergence of an original species called Homo sapiens, but in the digital age humans remain mimetic creatures: from the development of consciousness to education, aesthetics to politics, mirror neurons to brain plasticity, digital simulations to emotional contagion, (new) fascist insurrections to viral contagion, we are unconsciously formed, deformed, and transformed by the all too human tendency to imitate—for both good and ill. Crossing disciplines as diverse as philosophy, aesthetics, and politics, Homo Mimeticus proposes a new theory of one of the most influential concepts in western thought (mimesis) to confront some of the hypermimetic challenges of the present and future. Written in an accessible yet rigorous style, Homo Mimeticus appeals to both a specialized and general readership. It can be used in courses of modern and contemporary philosophy, aesthetics, political theory, literary criticism/theory, media studies, and new mimetic studies. Ebook available in Open Access. This publication is GPRC-labeled (Guaranteed Peer-Reviewed Content) | ||
| 540 | |a Namensnennung - Nicht-kommerziell - Keine Bearbeitungen 4.0 International |f CC BY-NC-ND 4.0 |2 cc |u https://creativecommons.org/licenses/by-nc-nd/4.0/ | ||
| 546 | |a English | ||
| 650 | 4 | |a Philosophy | |
| 650 | 4 | |a Philosophy: aesthetics | |
| 650 | 4 | |a Social and political philosophy | |
| 650 | 4 | |a Media Studies | |
| 650 | 4 | |a Philosophy and Religion | |
| 650 | 4 | |a Society and Social Sciences | |
| 650 | 4 | |a Topics in philosophy | |
| 650 | 4 | |a Society and culture: general | |
| 650 | 4 | |a Cultural and media studies | |
| 689 | 0 | 0 | |d s |0 (DE-588)4039392-6 |0 (DE-627)104493852 |0 (DE-576)209034777 |2 gnd |a Mimesis |
| 689 | 0 | 1 | |d p |0 (DE-588)118539507 |0 (DE-627)079338933 |0 (DE-576)161119867 |2 gnd |a Girard, René |d 1923-2015 |
| 689 | 0 | 2 | |d s |0 (DE-588)4130012-9 |0 (DE-627)105705705 |0 (DE-576)209615354 |2 gnd |a Homo erectus |
| 689 | 0 | 3 | |d s |0 (DE-588)4039392-6 |0 (DE-627)104493852 |0 (DE-576)209034777 |2 gnd |a Mimesis |
| 689 | 0 | 4 | |d s |0 (DE-588)4170992-5 |0 (DE-627)104269685 |0 (DE-576)209934050 |2 gnd |a Nachahmung |
| 689 | 0 | 5 | |d s |0 (DE-588)4045791-6 |0 (DE-627)106200259 |0 (DE-576)209066873 |2 gnd |a Philosophie |
| 689 | 0 | 6 | |d s |0 (DE-588)4045798-9 |0 (DE-627)106200232 |0 (DE-576)20906689X |2 gnd |a Philosophische Anthropologie |
| 689 | 0 | 7 | |d s |0 (DE-588)4020832-1 |0 (DE-627)10631663X |0 (DE-576)208934979 |2 gnd |a Gewalt |
| 689 | 0 | 8 | |d s |0 (DE-588)4031883-7 |0 (DE-627)10454869X |0 (DE-576)208994653 |2 gnd |a Kommunikation |
| 689 | 0 | 9 | |d s |0 (DE-588)4049396-9 |0 (DE-627)106187155 |0 (DE-576)209081880 |2 gnd |a Religion |
| 689 | 0 | 9 | |d s |0 (DE-588)4058323-5 |0 (DE-627)106147706 |0 (DE-576)209125764 |2 gnd |a Subjektivität |
| 689 | 0 | 9 | |d s |0 (DE-588)4000626-8 |0 (DE-627)106400541 |0 (DE-576)208838821 |2 gnd |a Ästhetik |
| 689 | 0 | |5 (DE-627) | |
| 776 | 0 | 8 | |i Erscheint auch als |n Druck-Ausgabe |a Lawtoo, Nidesh, 1976 - |t Homo mimeticus |d Leuven (Belgium) : Leuven University Press, 2022 |h 357 Seiten |w (DE-627)1867496356 |z 9789462703469 |k Non-Electronic |
| 856 | 4 | 0 | |u https://library.oapen.org/bitstream/id/ad6ebc88-deb6-4c77-8fe0-56cf7bb090e5/9789461664778.pdf |m X:OAPEN |x Verlag |z kostenfrei |7 0 |
| 856 | 4 | 0 | |u https://library.oapen.org/handle/20.500.12657/59184 |m X:OAPEN |x Verlag |z kostenfrei |7 0 |
| 856 | 4 | 0 | |u https://library.oapen.org/bitstream/20.500.12657/59184/1/9789461664778.pdf |m X:OAPEN |x Verlag |z kostenfrei |7 0 |
| 912 | |a ZDB-94-OAL | ||
| 935 | |a GIRA | ||
| 951 | |a BO | ||
| ELC | |a 1 | ||
| LOK | |0 000 xxxxxcx a22 zn 4500 | ||
| LOK | |0 001 4610671980 | ||
| LOK | |0 003 DE-627 | ||
| LOK | |0 004 1904966691 | ||
| LOK | |0 005 20241106152701 | ||
| LOK | |0 008 241106||||||||||||||||ger||||||| | ||
| LOK | |0 040 |a DE-Tue135-1 |c DE-627 |d DE-Tue135-1 | ||
| LOK | |0 852 |a DE-Tue135-1 | ||
| LOK | |0 852 1 |m p |9 00 | ||
| LOK | |0 852 2 |b www |9 00 | ||
| LOK | |0 85640 |u https://bibsearch.uibk.ac.at/permalink/f/1if7mt/TN_cdi_oapen_primary_oai_library_oapen_org_20_500_12657_59184 | ||
| LOK | |0 85640 |u https://bibsearch.uibk.ac.at/permalink/f/1po5meu/UIB_alma51270806360003333 | ||
| LOK | |0 866 |x Bibliography 51 | ||
| LOK | |0 935 |a inmo | ||
| LOK | |0 938 |k p | ||
| LOK | |0 939 |a 06-11-24 |b l01 | ||
| OAS | |a 1 | ||
| ORI | |a TA-MARC-ixtheoa001.raw | ||
| REL | |a 1 | ||
| STA | 0 | 0 | |a Aesthetics,Art,Aesthetics,Communication,Communication,Communication process,Information process,Communication in art,Homo erectus,Immitation,Imitation,Mimesis,Philosophical anthropology,Anthropology,Philosophy,Philosophy in literature,Religion,Religion in literature,Religions,Religion,Subjectivity,Violence,Violence,Violence in literature |
| STB | 0 | 0 | |a Anthropologie philosophique,Communication,Communication,Esthétique,Esthétique,Homo erectus,Imitation,Imitation,Mimésis,Mimèsis,Mimèsis,Philosophie,Philosophie,Religion,Religions,Religion,Subjectivité,Violence,Violence |
| STC | 0 | 0 | |a Antropología filosófica,Comunicación,Comunicación,Estética,Estética,Filosofía,Filosofía,Homo erectus,Imitación,Imitación,Mimesis,Religión,Religión,Religión,Subjetividad,Violencia,Violencia |
| STD | 0 | 0 | |a Antropologia filosofica,Comunicazione,Comunicazione,Estetica,Filosofia,Filosofia,Homo erectus,Homo erectus,Imitazione <motivo>,Imitazione,Emulazione,Emulazione,Emulazione (motivo),Emulazione,Mimesis,Religione,Religione,Religione,Soggettività,Violenza,Violenza |
| STE | 0 | 0 | |a 主观性,主体性,哲学,哲学人类学,宗教,宗教,暴力,暴力,武力,武力,模仿,仿效,模仿自然,摹拟,模仿,美学,联系,通信,沟通 |
| STF | 0 | 0 | |a 主觀性,主體性,哲學,哲學人類學,宗教,宗教,暴力,暴力,武力,武力,模仿,仿效,模仿自然,摹擬,模仿,直立人,美學,聯繫,通信,溝通 |
| STG | 0 | 0 | |a Antropologia filosófica,Comunicação,Comunicação,Estética,Filosofia,Filosofia,Homo erectus,Imitação,Imitação,Mimese,Religião,Religião,Subjetividade,Violência,Violência |
| STH | 0 | 0 | |a Власть,Власть,Сила,Сила (мотив),Копия (мотив),Копия,Мимесис,Общение (мотив),Общение,Религия,Религия (мотив),Субъективность,Философия (мотив),Философия,Философская антропология,Человек прямоходящий,Эстетика |
| STI | 0 | 0 | |a Homo erectus,Αισθητική,Απομίμηση <μοτίβο>,Απομίμηση,Μίμηση,Μίμηση (μοτίβο),Βία (μοτίβο),Βία,Επικοινωνία (μοτίβο),Επικοινωνία,Θρησκεία,Θρησκεία (μοτίβο),Μίμηση,Υποκειμενικότητα,Φιλοσοφία (μοτίβο),Φιλοσοφία,Φιλοσοφική ανθρωπολογία |
| SUB | |a REL | ||
| SYG | 0 | 0 | |a Nachahmung,Imitatio naturae , Girard, René Noël Théophile,1923-2015,Žurar, Rene,1923-2015 , Nachahmung,Imitatio naturae , Imitation , Philosophy,Philosophieren , Anthropologie , Kommunikationsprozess,Informationsprozess , Religion,Mystik,Mythologie , Künste,Künste,Kunstästhetik,Kunstphilosophie,Kunsttheorie,Philosophische Ästhetik,Kunstanschauung,Kunstauffassung |



